00333nam a2200121 a 4500008004100000050001600041100001700057245004600074250001200120260005100132300001900183350000900202120416s1983 ||||||||||||||||| || u aHF 5635 Har aHarvey, Mike10aFinancial accounting theory and standards a2nd ed. aEnglewood Cliffs, N.J.bFT Prentice-Hallc1983 ax, 214p. : ill a0.00